| 000 | 00913nas a2200289 4500 | ||
|---|---|---|---|
| 001 | BR2013000745 | ||
| 003 | BR-BrBNA | ||
| 005 | 20231205121850.0 | ||
| 007 | ta | ||
| 008 | 230509b bl.|||p| |||| 00| 00por d | ||
| 040 |
_aBR-BrBNA _bpor _cBiblioteca Nacional de Agricultura |
||
| 041 | _a(Pt) | ||
| 072 | _aQ02; Q04 | ||
| 100 | 1 | _aBona, E. | |
| 100 | 1 | _aBorsato, D. | |
| 100 | 1 | _aSilva, R.S.F. da | |
| 100 | 1 | _aSilva, L.H.M. e | |
| 245 | 1 | _aDifusão multicomponente durante a salga mista de queijo prato | |
| 650 | _aPRODUTO DERIVADO DO LEITE | ||
| 650 | _aSALMOURA | ||
| 650 | _aCLORETO DE SÓDIO | ||
| 650 | _aPRESERVAÇÃO DE ALIMENTO | ||
| 773 | 0 |
_tCiência e Tecnologia de Alimentos (Brazil) _xISSN 1678-457X _g(Apr-Jun 2005), V. 25(2) p. 394-400 _wBR2013000745 |
|
| 856 | 4 | 0 | _uhttp://www.scielo.br/pdf/cta/v25n2/25044.pdf |
| 909 |
_a202311 _bLúcia _c55 _dLúcia Elande |
||
| 942 |
_2AGRIS _n0 _cANA |
||
| 999 |
_c225657 _d225657 |
||